Statistics for Country Capital Neighbour Connect Jumps Map: Alphabetical 2º

Click here to take the quiz!

General Stats

  • This quiz has been taken 262 times
  • The average score is 218 of 392

Answers on the Map

Answers color-coded by a green-red scale on the quiz's map according to % correct below.
 

Answer Stats

Country/Capital% Correct
LA PAZ
100%
Santiago
98%
Bolivia
97%
Peru
97%
Abuja
96%
Accra
96%
Bamako
96%
Bangui
96%
Benin
96%
Brasília
96%
Cameroon
96%
Caracas
96%
Central African Republic
96%
Chile
96%
Dakar
96%
Democratic Republic of the Congo
96%
Ecuador
96%
Gabon
96%
Gaborone
96%
Georgetown
96%
Ghana
96%
Lima
96%
Madrid
96%
Malabo
96%
Mali
96%
Mauritania
96%
Namibia
96%
N'Djamena
96%
Paraguay
96%
Paramaribo
96%
Paris
96%
Rabat
96%
Togo
96%
Venezuela
96%
Yamoussoukro
96%
Yaoundé
96%
Zambia
96%
Angola
94%
Equatorial Guinea
94%
Libreville
94%
Republic of the Congo
94%
Windhoek
94%
Addis Ababa
85%
Baghdad
85%
Beijing
85%
Beirut
85%
Cairo
85%
Damascus
85%
Egypt
85%
Jerusalem
85%
KABUL
85%
Kampala
85%
Kazakhstan
85%
Khartoum
85%
Lebanon
85%
Nairobi
85%
Pakistan
85%
Tajikistan
85%
Tashkent
85%
Tehran
85%
Botswana
84%
Djibouti
84%
Djibouti (cap)
84%
Dodoma
84%
Ethiopia
84%
Harare
84%
Kenya
84%
Kigali
84%
Kinshasa
84%
Lesotho
84%
Lilongwe
84%
Malawi
84%
Maputo
84%
Maseru
84%
Mbabane
84%
Mogadishu
84%
Mozambique
84%
Pretoria
84%
Somalia
84%
South Africa
84%
South Sudan
84%
Tanzania
84%
Uganda
84%
Zimbabwe
84%
MACEDONIA
70%
Albania
69%
Belarus
69%
Belgrade
69%
Berlin
69%
Bern
69%
Bosnia and Herzegovina
69%
Croatia
69%
Ljubljana
69%
Montenegro
69%
Podgorica
69%
Sarajevo
69%
Serbia
69%
Skopje
69%
Tirana
69%
Vaduz
69%
Vienna
69%
Warsaw
69%
Zagreb
69%
Amsterdam
67%
Belgium
67%
Chișinău
67%
Germany
67%
Kiev
67%
Latvia
67%
Minsk
67%
Netherlands
67%
Poland
67%
Riga
67%
Slovakia
67%
Tallinn
67%
Ukraine
67%
Vilnius
67%
Andorra
66%
Andorra la Vella
66%
France
66%
Portugal
66%
Spain
66%
Lisbon
65%
Antananarivo
64%
BAHAMAS
64%
BAHRAIN
64%
MADAGASCAR
64%
Nassau
64%
Manama
63%
Antigua and Barbuda
62%
Basseterre
62%
Castries
62%
Grenada
62%
Kingstown
62%
SAINT GEORGE'S
62%
SAINT JOHN'S
62%
SAINT KITTS AND NEVIS
62%
SAINT LUCIA
62%
SAINT VINCENT AND THE GRENADINES
62%
Afghanistan
60%
Ankara
60%
Baku
60%
Bandar Seri Begawan
60%
Bangkok
60%
Brunei
60%
Bucharest
60%
Budapest
60%
Cambodia
60%
China
60%
Georgia
60%
Hanoi
60%
Iran
60%
Italy
60%
JAKARTA
60%
Kuala Lumpur
60%
Laos
60%
Malaysia
60%
Moldova
60%
Naypyidaw
60%
Romania
60%
Rome
60%
San Marino
60%
San Marino (cap)
60%
Slovenia
60%
Sofia
60%
TAIPEI
60%
Taiwan
60%
Tbilisi
60%
Vatican City
60%
Vatican City (cap)
60%
Yerevan
60%
Bangladesh
58%
Dominican Republic
58%
HAITI
58%
Kathmandu
58%
MAJURO
58%
Marshall Islands
58%
Nepal
58%
New Delhi
58%
Port-au-Prince
58%
Santo Domingo
58%
MALDIVES
57%
Malé
57%
Federated States of Micronesia
56%
Ngerulmud
56%
PALAU
56%
PALIKIR
56%
Malta
54%
VALLETTA
54%
Apia
53%
SAMOA
53%
JAMAICA
52%
Kingston
52%
Banjul
51%
Bissau
51%
Conakry
51%
GAMBIA
51%
Liberia
51%
Senegal
51%
Sierra Leone
51%
Australia
49%
Belize
49%
Belmopan
49%
Burkina Faso
49%
CANADA
49%
CANBERRA
49%
Chad
49%
Cote d'Ivoire
49%
Libya
49%
Lomé
49%
Mexico
49%
Mexico City
49%
Monrovia
49%
Niamey
49%
Niger
49%
Nigeria
49%
Ottawa
49%
Ouagadougou
49%
Porto-Novo
49%
United States
49%
Washington D.C.
49%
Managua
48%
MANILA
48%
Philippines
48%
SAN JOSÉ
48%
San Salvador
48%
Tegucigalpa
48%
Argentina
47%
Asunción
47%
Bogotá
47%
Brazil
47%
Buenos Aires
47%
Colombia
47%
Costa Rica
47%
El Salvador
47%
Honduras
47%
Montevideo
47%
Nicaragua
47%
Panama
47%
Panama City
47%
SANA'A
47%
Saudi Arabia
47%
Uruguay
47%
Dili
46%
East Timor
46%
Indonesia
46%
PAPUA NEW GUINEA
46%
Qatar
46%
Riyadh
46%
Abu Dhabi
45%
CAPE VERDE
45%
JAPAN
45%
Muscat
45%
Oman
45%
Praia
45%
SÃO TOMÉ
45%
São Tomé and Príncipe
45%
Tokyo
45%
United Arab Emirates
45%
Yemen
45%
Port Vila
44%
VANUATU
44%
BARBADOS
43%
Bridgetown
43%
MAURITIUS
43%
Nauru
43%
Port Louis
43%
YAREN
43%
Cuba
42%
HAVANA
42%
ICELAND
40%
Reykjavík
40%
Copenhagen
39%
DENMARK
39%
Finland
39%
HELSINKI
39%
Moscow
39%
North Korea
39%
Norway
39%
Pyongyang
39%
SEOUL
39%
South Korea
39%
Bhutan
38%
DHAKA
38%
India
38%
Lithuania
38%
Mongolia
38%
New Zealand
38%
Russia
38%
SEYCHELLES
38%
Thimphu
38%
Ulaanbaatar
38%
Victoria
38%
WELLINGTON
38%
Astana
37%
BISHKEK
37%
Cyprus
36%
FIJI
36%
KIRIBATI
36%
NICOSIA
36%
Phnom Penh
36%
South Tarawa
36%
Suva
36%
THAILAND
36%
Vientiane
36%
Vietnam
36%
ALGERIA
35%
Algiers
35%
Ashgabat
35%
Dushanbe
35%
Kyrgyzstan
35%
Morocco
35%
Nouakchott
35%
Turkmenistan
35%
Uzbekistan
35%
LIECHTENSTEIN
34%
SINGAPORE
34%
Singapore (cap)
34%
AMMAN
33%
Honiara
33%
SOLOMON ISLANDS
33%
Austria
31%
Bratislava
31%
COMOROS
31%
DOMINICA
31%
Dublin
31%
Hungary
31%
Iraq
31%
Ireland
31%
Jordan
31%
London
31%
Moroni
31%
Nukuʻalofa
31%
PORT MORESBY
31%
PORT-OF-SPAIN
31%
Prague
31%
Roseau
31%
TONGA
31%
Trinidad and Tobago
31%
Turkey
31%
UNITED KINGDOM
31%
Athens
30%
Bulgaria
30%
DOHA
30%
Greece
30%
Asmara
29%
Eritrea
29%
KOSOVO
29%
MONACO
29%
Monaco (cap)
29%
Pristina
29%
BRAZZAVILLE
28%
Sudan
28%
TRIPOLI
28%
Luanda
27%
Lusaka
27%
MYANMAR
27%
SRI JAYAWARDENEPURA KOTTE
27%
Sri Lanka
27%
ARMENIA
26%
GUATEMALA
26%
Guatemala City
26%
Guinea
26%
OSLO
26%
Stockholm
26%
SWAZILAND
26%
Sweden
26%
Azerbaijan
25%
BRUSSELS
25%
BUJUMBURA
25%
Burundi
25%
CZECH REPUBLIC
25%
FREETOWN
25%
Guinea-Bissau
25%
ISLAMABAD
25%
ISRAEL
25%
Luxembourg
25%
Luxembourg (cap)
25%
Rwanda
25%
Syria
25%
Guyana
24%
JUBA
24%
SURINAME
24%
ESTONIA
22%
FUNAFUTI
22%
KUWAIT
22%
Kuwait City
22%
QUITO
22%
SWITZERLAND
22%
TUNIS
22%
Tunisia
22%
Tuvalu
22%

Score Distribution

Percentile by Number Answered

Percent of People with Each Score

Your Score History

You have not taken this quiz